000 00894nam2a22002291 4500
001 v19\rc\1194339
005 20250617212249.0
035 _a(NLR Aleph) 004361593
090 _a3380691
_c3380691
100 _a20060306d1893 |||y0rusy50 ca
101 0 _arus
102 _aRU
105 _ay z |||||
200 0 _aна 1894 год
210 _d[1893]
_aБ. м.
215 _a21 с.
461 0 _1001v19\rc\1194313
_12001#$aСмета доходов и расходов Рыльского уездного земства...$vна 1894 год$90
_93380354
_aРыльская уездная земская управа
_cКурск
_d[1868]-1917
_tСмета доходов и расходов Рыльского уездного земства...
_vна 1894 год$90
801 0 _aRU
_bNLR
_gpsbo
801 1 _aRU
_bProSoft-M
_2rusmarc
852 _aNLR
_bЗем
_j18-10/С1
942 _cBOOK
980 _aNB